<?xml version="1.0" encoding="UTF-8"?>
<collection xmlns:xsi="http://www.w3.org/2001/XMLSchema-instance" xsi:schemaLocation="http://www.loc.gov/MARC21/slim http://www.loc.gov/standards/marcxml/schema/MARC21slim.xsd" xmlns="http://www.loc.gov/MARC21/slim">
 <record>
  <leader>00000cgc a22000003a 4500</leader>
  <controlfield tag="001">UP-99796217611406036</controlfield>
  <controlfield tag="003">Buklod</controlfield>
  <controlfield tag="005">20140917145425.0</controlfield>
  <controlfield tag="006">a     r    |||| u|</controlfield>
  <controlfield tag="007">ta</controlfield>
  <controlfield tag="008">140917s2006    xx     d||| |     ||   ||</controlfield>
  <datafield tag="035" ind1=" " ind2=" ">
   <subfield code="a">(iLib)UPD-00227808939</subfield>
  </datafield>
  <datafield tag="040" ind1=" " ind2=" ">
   <subfield code="a">OhioLink</subfield>
   <subfield code="c">NIMBBlibrary</subfield>
  </datafield>
  <datafield tag="041" ind1=" " ind2=" ">
   <subfield code="a">eng</subfield>
  </datafield>
  <datafield tag="090" ind1=" " ind2=" ">
   <subfield code="a">QP 623</subfield>
   <subfield code="b">C43 2006</subfield>
  </datafield>
  <datafield tag="245" ind1="0" ind2="4">
   <subfield code="a">The double life of RNA</subfield>
   <subfield code="h">[videorecording]</subfield>
   <subfield code="b">four lectures on RNA and special features</subfield>
   <subfield code="c">Howard Hughes Medical Institute ; lecturer, Thomas R. Cech.</subfield>
  </datafield>
  <datafield tag="246" ind1="0" ind2="8">
   <subfield code="a">RNA.</subfield>
  </datafield>
  <datafield tag="250" ind1=" " ind2=" ">
   <subfield code="a">Version 1.0.</subfield>
  </datafield>
  <datafield tag="264" ind1=" " ind2="1">
   <subfield code="a">Chevy Chase, MD</subfield>
   <subfield code="b">Howard Hughes Medical Institute</subfield>
   <subfield code="c">2006</subfield>
  </datafield>
  <datafield tag="300" ind1=" " ind2=" ">
   <subfield code="a">1 videodisc</subfield>
   <subfield code="b">sd., col.</subfield>
   <subfield code="c">4 3/4 in.</subfield>
  </datafield>
  <datafield tag="500" ind1=" " ind2=" ">
   <subfield code="a">Howard Hughes Medical Institute holiday lectures on science, 1995.</subfield>
  </datafield>
  <datafield tag="505" ind1="0" ind2=" ">
   <subfield code="a">Lecture 1. Catalysis, chemical and biochemical -- Lecture 2. RNA as an enzyme: discovery, origins of life and medical possibilities -- Lecture 3. How to accelerate a reaction 100 billion times using only RNA -- Lecture 4. Life at the end of the chromosome: another RNA machine.</subfield>
  </datafield>
  <datafield tag="650" ind1="1" ind2="7">
   <subfield code="a">Catalytic RNA.</subfield>
  </datafield>
  <datafield tag="650" ind1="1" ind2="7">
   <subfield code="a">RNA.</subfield>
  </datafield>
  <datafield tag="650" ind1="1" ind2="7">
   <subfield code="a">Telomere.</subfield>
  </datafield>
  <datafield tag="650" ind1="1" ind2="7">
   <subfield code="a">Films for the hearing impaired.</subfield>
  </datafield>
  <datafield tag="650" ind1="1" ind2="7">
   <subfield code="a">Molecular Biology.</subfield>
  </datafield>
  <datafield tag="700" ind1="1" ind2=" ">
   <subfield code="a">Thomas R. Cech, lecturer.</subfield>
  </datafield>
  <datafield tag="710" ind1="2" ind2=" ">
   <subfield code="a">Howard Hughes Medical Institute.</subfield>
  </datafield>
  <datafield tag="850" ind1=" " ind2=" ">
   <subfield code="a">NIMBBlibrary</subfield>
  </datafield>
  <datafield tag="905" ind1=" " ind2=" ">
   <subfield code="a">FO</subfield>
  </datafield>
  <datafield tag="852" ind1="0" ind2=" ">
   <subfield code="a">UPD</subfield>
   <subfield code="b">DIMBB</subfield>
   <subfield code="h">QP 623 C43 2006</subfield>
  </datafield>
  <datafield tag="942" ind1=" " ind2=" ">
   <subfield code="a">Visual Material</subfield>
  </datafield>
 </record>
</collection>
